| 000 | 00348nam a22001577a 4500 | ||
|---|---|---|---|
| 999 |
_c535280 _d535280 |
||
| 003 | NUST | ||
| 020 | _qPB. | ||
| 038 | _aFizza Ishaq | ||
| 082 |
_a510.2462 _bKRE |
||
| 100 |
_aKreyszig, Erwin. _9572 |
||
| 245 | _aAdvance Engineering Mathematics/. | ||
| 250 | _a10th ed. | ||
| 260 |
_aLahore : _c2011. |
||
| 300 | _a1113 p. ; | ||
| 942 |
_2ddc _cBK |
||